[Event "Polgar Challenge 2021"]
[Site "Online"]
[Date "2021.04.04"]
[Round "16.2"]
[White "Nihal Sarin"]
[Black "Murzin, Volodar"]
[Result "0-1"]
[WhiteElo "2620"]
[BlackElo "2478"]
[Annotator "TA"]
[PlyCount "88"]
[EventDate "2021.04.08"]
[EventType "tourn"]
[EventCountry "NET"]
[SourceTitle "playchess.com"]
[Source "ChessBase"]
[SourceQuality "1"]

{[%evp 15,88,21,29,28,26,26,46,23,31,18,25,7,0,1,7,12,12,0,0,0,0,0,12,0,15,13,14,0,15,9,23,0,16,0,22,16,22,0,0,-3,0,-46,-42,-43,-38,-147,-156,-155,-142,-275,-248,-242,-245,-482,-468,-506,-498,-496,-308,-425,-396,-381,-408,-427,-425,-564,-563,-997,-993,-29987,-29988,-29988,-29989,-29991,-29992]} 1. Nf3 Nf6 2. c4 c6 3. d4 d5 4. e3 Bf5 5. Nc3 e6 6. Nh4 Be4 7. f3 Bg6 8. Qb3 Qc7 9. Bd2 {D12: Slav Defence: 3 Nf3 Nf6 4 e3 Bf5.} Nbd7 {[%cal Bb8d7,Bd7f8,Bf8e6][%mdl 32]} 10. cxd5 exd5 11. Rc1 {White is slightly better.} Be7 12. g3 Qb6 {[#]} 13. Nxg6 $146 ({Predecessor:} 13. Qxb6 axb6 14. Nxg6 hxg6 15. a4 Bb4 16. b3 Nf8 17. Bd3 Ne6 18. Rc2 O-O 19. Kf2 {1-0 (37) Henrichs,T (2483)-Ducarmon,Q (2368) Maastricht 2012}) 13... hxg6 14. Kf2 Nf8 15. Qxb6 axb6 16. a3 Ne6 17. Bd3 g5 18. h3 g6 19. Ne2 Kf8 20. Kg2 Kg7 21. Bc3 Rhd8 22. Rhd1 Kg8 23. Rd2 Bf8 24. Rf1 Bg7 25. Rdd1 b5 26. Bb1 Ne8 27. f4 gxf4 28. exf4 Nd6 29. g4 Re8 30. Ng3 {White is now going downhill.} (30. Rde1 $15) 30... Nc4 $17 {...Ne3+ is the strong threat.} 31. Kf3 c5 {[%cal Rg7d4]} 32. dxc5 (32. Ne2 $17) 32... Bxc3 $19 {[%mdl 64] [#] Overworked Piece} ({Less strong is} 32... Nxb2 33. Bxb2 Bxb2 34. Rxd5 $17) 33. bxc3 Rxa3 34. Ne2 (34. Rfe1 {is the only way for White.}) 34... d4 {[%mdl 64] Deflection} 35. Nxd4 Rxc3+ 36. Kf2 Ne3 37. Nxb5 Nxd1+ {[%mdl 64] Discovered Attack} 38. Rxd1 Rxh3 39. Nd6 Rd8 40. Rc1 {[#]} Nxc5 $1 {[%mdl 512]} 41. Nxf7 (41. Rxc5 Rxd6) 41... Rd2+ 42. Ke1 Rb2 {[%cal Rh3h1] Black mates.} 43. Bc2 Kxf7 44. Kd2 Nb3+ {[%mdl 64] Double Attack.  Weighted Error Value: White=0.59/Black=0.08} 0-1

[Event "Polgar Challenge 2021"]
[Site "Online"]
[Date "2021.04.04"]
[Round "16.3"]
[White "Badelka, Olga"]
[Black "Abdusattorov, Nodirbek"]
[Result "0-1"]
[WhiteElo "2433"]
[BlackElo "2627"]
[Annotator "TA"]
[PlyCount "88"]
[EventDate "2021.04.08"]
[EventType "tourn"]
[EventCountry "NET"]
[SourceTitle "playchess.com"]
[Source "ChessBase"]
[SourceQuality "1"]

{[%evp 14,88,25,12,21,0,33,14,68,60,66,14,19,-22,10,16,20,27,33,6,13,20,17,18,87,58,67,60,68,62,114,61,68,63,62,53,82,72,72,-12,-8,-7,-7,-37,305,-52,0,0,0,0,0,0,0,0,177,168,182,176,180,-8,-8,-8,-8,-8,0,-533,-20,-583,-572,-621,-580,-1502,-1256,-29987,-29986,-29989,-29990]} 1. Nf3 Nf6 2. g3 b6 3. Bg2 Bb7 4. d4 e6 5. O-O Be7 6. c4 O-O 7. Nc3 Na6 8. Re1 Ne4 {E18: Queen's Indian: Old Main Line (4 g3 Bb7 5 Bg2 Be7 6 0-0 0-0 7 Nc3).} 9. Bd2 Bf6 $5 {[%mdl 4] [#] A promising side line.} 10. Qc2 $146 ({Predecessor:} 10. Rc1 d6 11. a3 c5 12. d5 Nxd2 13. Qxd2 e5 14. Ne4 Be7 15. b4 Rb8 16. Rb1 {½-½ (30) Schreiner,P (2471)-Atlas,V (2453) Austria 2014}) 10... Nxc3 (10... Nxd2 $11 11. Qxd2 d5) 11. Bxc3 $14 {Threatens to win with Ng5!} d5 12. Ne5 ({Better is} 12. c5 $14) 12... c5 $11 13. e3 Bxe5 14. dxe5 Nc7 15. Rad1 Qe7 16. f4 Rad8 17. Qa4 a6 18. Qc2 b5 (18... Rd7 $11 {keeps the balance.}) 19. b3 b4 20. Bb2 Ba8 21. cxd5 Nxd5 (21... Bxd5 $14 22. e4 Bb7) 22. Rc1 (22. e4 $16 Nb6 23. Bc1) 22... Rc8 $14 23. e4 Nb6 24. Qd3 c4 25. bxc4 Rfd8 26. Qe2 ({White should try} 26. Bd4 $16) 26... Qc5+ 27. Kh1 a5 28. f5 Nxc4 $2 {[%mdl 8192]} (28... Bb7 $15) 29. f6 $2 (29. Bf1 exf5 30. Qxc4 Bxe4+ 31. Rxe4 Qf8 $16) (29. fxe6 $1 $18 fxe6 30. Bh3 (30. Bf1 Qf8 $18)) 29... Rd2 (29... Bb7 $1 $15) 30. Qxd2 $1 $11 Nxd2 31. Rxc5 Rxc5 32. Rd1 $1 {[%cal Rd1d2]} Rc2 33. Bc1 gxf6 $2 (33... h6 $11 {and Black has nothing to worry.} 34. Bxd2 Rxa2) 34. exf6 $18 h5 35. Bxd2 {Black must now prevent Bg5.} Rxa2 36. Be3 $2 (36. Bf4 $18 b3 37. Be5) 36... b3 $11 37. Bd4 ({Much worse is} 37. Rd8+ Kh7 $17) 37... a4 38. Bf3 $1 a3 {aiming for ...Rc2.} 39. Be5 $2 {[%mdl 8192] [#]} ({Wrong is} 39. Bxh5 $2 Bxe4+ 40. Kg1 Rg2+ 41. Kf1 Rxh2 $19) (39. Rb1 $1 $11 b2 40. Kg2) 39... b2 $2 (39... Bc6 $1 $19 40. Rb1 (40. Bxh5 $2 Bxe4+ 41. Kg1 Rg2+ 42. Kf1 b2 $19) 40... b2) 40. Rb1 $2 {[%mdl 8192]} (40. Kg1 $11 {and White stays safe.}) 40... Bc6 $19 41. Kg1 {[#] and the idea Kf1 leaves White hopeful.} Bb5 42. Bd1 {Strongly threatening Bb3.} Bd3 $1 {[%csl LRb1,LRe4][%mdl 64] Double Attack} 43. Bb3 Bxb1 44. Bxa2 Bxa2 {Weighted Error Value: White=0.95/Black=0.58} 0-1

[Event "Polgar Challenge 2021"]
[Site "Online"]
[Date "2021.04.04"]
[Round "16.4"]
[White "Lei, Tingjie"]
[Black "Khademalsharieh, Sarasadat"]
[Result "1-0"]
[WhiteElo "2505"]
[BlackElo "2494"]
[Annotator "ChessBase"]
[PlyCount "53"]
[EventDate "2021.04.08"]
[EventType "tourn"]
[EventCountry "NET"]
[SourceTitle "playchess.com"]
[Source "ChessBase"]
[SourceQuality "1"]
[TimeControl "600+5"]

1. d4 {[%emt 0:00:00]} Nf6 {[%emt 0:00:00]} 2. c4 {[%emt 0:00:00]} e6 {[%emt 0:00:00]} 3. g3 {[%emt 0:00:00]} d5 {[%emt 0:00:02]} 4. Bg2 {[%emt 0:00:02]} Bb4+ {[%emt 0:00:02]} 5. Bd2 {[%emt 0:00:03]} a5 {[%emt 0:00:01]} 6. Nf3 {[%emt 0:00:15]} dxc4 {[%emt 0:00:40]} 7. Qc2 {[%emt 0:00:26]} c5 {[%emt 0:00:57]} 8. Qxc4 {[%emt 0:00:42]} Bxd2+ {[%emt 0:01:21]} 9. Nbxd2 {[%emt 0:00:04]} cxd4 {[%emt 0:00:01]} 10. Nxd4 {[%emt 0:00:01]} O-O {[%emt 0:00:02]} 11. N2f3 {[%emt 0:01:32]} Qb6 {[%emt 0:00:46]} 12. O-O {[%emt 0:00:26]} Bd7 {[%emt 0:01:15]} 13. Ne5 {[%emt 0:00:44]} Rc8 {[%emt 0:00:03]} 14. Qd3 {[%emt 0:00:11]} Be8 {[%emt 0:00:07]} 15. Rfd1 {[%emt 0:02:14]} Nbd7 {[%emt 0:02:06]} 16. Nc4 {[%emt 0:00:42]} Qa6 {[%emt 0:00:09]} 17. Rac1 {[%emt 0:00:05]} Nc5 {[%emt 0:00:46]} 18. Qf3 {[%emt 0:00:27]} Nce4 {[%emt 0:00:22]} 19. Qd3 {[%emt 0:00:39]} Nc5 {[%emt 0:00:15]} 20. Qa3 {[%emt 0:00:07]} a4 {[%emt 0:00:23]} 21. Rc2 {[%emt 0:01:28]} Rab8 {[%emt 0:00:11]} 22. Rdc1 {[%emt 0:00:07]} Nd5 {[%emt 0:01:31]} 23. Ne5 {[%emt 0:00:19]} b6 {[%emt 0:00:31]} 24. b4 {[%emt 0:00:17]} Nd7 {[%emt 0:00:02]} 25. Nec6 {[%emt 0:00:15]} N7f6 {[%emt 0:00:19]} 26. b5 {[%emt 0:00:07]} Qb7 {[%emt 0:00:14]} 27. e4 {[%emt 0:00:01]} 1-0

[Event "Polgar Challenge 2021"]
[Site "Online"]
[Date "2021.04.04"]
[Round "16.5"]
[White "Yip, Carissa"]
[Black "Abdumalik, Zhansaya"]
[Result "0-1"]
[WhiteElo "2430"]
[BlackElo "2472"]
[Annotator "TA"]
[PlyCount "110"]
[EventDate "2021.04.08"]
[EventType "tourn"]
[EventCountry "NET"]
[SourceTitle "playchess.com"]
[Source "ChessBase"]
[SourceQuality "1"]

{[%evp 12,110,40,47,52,46,44,39,63,28,49,49,54,45,99,35,47,22,0,-23,49,32,37,35,59,54,62,5,43,50,66,0,0,0,0,-205,-208,-192,-103,-443,-414,-1071,-564,-576,-571,-570,-567,-543,-535,-547,0,-756,-738,-901,-678,-671,-667,-656,-643,-779,-774,-876,-768,-821,-806,-1197,-1175,-1227,-1214,-1282,-1263,-5197,-4794,-6399,-6387,-1698,-1164,-1104,-1084,-1188,-1185,-1591,-1090,-1508,-1079,-1132,-1138,-5285,-929,-1277,-758,-1281,-1240,-1027,-680,-640,-630,-589,-530,-634,-631]} 1. e4 c5 2. Nf3 a6 3. c4 e6 4. Nc3 b6 5. d4 cxd4 6. Nxd4 Bb7 7. Bd3 Qc7 {A34: Symmetrical English: 2 Nc3, lines with ...d5.} 8. O-O Nf6 9. Qe2 d6 {White is slightly better.} 10. Kh1 Nbd7 11. f4 Be7 12. Bd2 g6 (12... O-O $14) 13. b4 ({Better is} 13. Rae1 $16) 13... Rc8 {[#]} 14. f5 $146 ({Predecessor:} 14. Rae1 O-O 15. a3 Rfe8 16. f5 exf5 17. exf5 d5 18. fxg6 hxg6 19. Nxd5 Bxd5 20. cxd5 {1-0 (31) Kozirev,A (2343)-Fesenko,V (2221) Cheliabinsk 2010}) 14... gxf5 {[#] aiming for ...Ne5.} 15. exf5 (15. Nd5 $5 Qd8 16. Nxe7 Qxe7 17. exf5 $11) 15... e5 (15... Rg8 $1 $11 16. Rf2 (16. fxe6 Bxg2+ 17. Qxg2 Rxg2 $15) 16... e5) 16. Nf3 Rg8 17. Rac1 Qb8 18. Ng5 Qa8 19. Nge4 (19. Rg1 $14) 19... Nxe4 20. Bxe4 ({Don't play} 20. Nxe4 Nf6 $15) 20... Nf6 21. Bxb7 (21. Bf3 $14) 21... Qxb7 $11 22. Be3 Rxc4 23. Rc2 $2 (23. b5 $11 {and White stays safe.}) 23... Rcg4 $19 24. Rg1 Rh4 $40 {[%mdl 128] Black is out for blood.} (24... b5 $19 25. a3 h5) 25. b5 $2 {[%mdl 8192]} (25. Rgc1 $17) 25... Ng4 {[%csl Gg4][%cal Rh4h2]} 26. Rgc1 (26. Rf1 $142 Rxh2+ 27. Kg1 Nxe3 28. Kxh2 Rxg2+ 29. Qxg2 Nxg2 30. Rxg2) 26... Rxh2+ 27. Kg1 Nxe3 28. Kxh2 Rxg2+ 29. Qxg2 Nxg2 30. Rxg2 {intending bxa6.} a5 (30... Qf3 $19 31. Rcc2 a5) 31. Rd1 $2 {[%mdl 8192]} (31. Rg8+ $11 Bf8 32. Ne2) 31... Qf3 {[%mdl 64] [#] Double Attack. Black is clearly winning.} 32. Ne2 Qh5+ 33. Kg1 Bg5 {( -> ...Be3+)} 34. Rd3 h6 35. Nc3 Qh4 36. Nd5 Qe1+ 37. Kh2 Qe4 38. Rd1 Qxf5 39. Rgg1 Qc2+ 40. Kh3 Qxa2 41. Nxb6 Qb3+ 42. Kg4 Qe6+ 43. Kg3 Bf4+ 44. Kf2 Qa2+ 45. Kf1 Bg5 46. Nd5 Kd7 47. b6 Kc6 48. Rg3 Bh4 49. Rc3+ Kd7 {[%csl Gh4][%cal Ra2f2]} 50. Kg1 Qf2+ 51. Kh1 Bg3 {[%csl Gg3][%cal Rf2h2]} 52. Nf6+ Qxf6 53. Rxg3 Qh4+ 54. Kg2 Qb4 55. Rf3 f5 {Weighted Error Value: White=1.01/Black=0.51} 0-1

[Event "Polgar Challenge 2021"]
[Site "Online"]
[Date "2021.04.04"]
[Round "16.6"]
[White "Praggnanandhaa R"]
[Black "Mendonca, Leon Luke"]
[Result "1-0"]
[WhiteElo "2608"]
[BlackElo "2549"]
[Annotator "TA"]
[PlyCount "101"]
[EventDate "2021.04.08"]
[EventType "tourn"]
[EventCountry "NET"]
[SourceTitle "playchess.com"]
[Source "ChessBase"]
[SourceQuality "1"]

{[%evp 15,101,29,25,0,59,47,83,67,69,20,46,40,66,63,64,56,99,89,122,122,151,140,152,102,92,91,145,85,162,167,191,164,171,154,201,181,193,94,100,92,93,99,93,62,64,64,71,62,80,58,58,58,70,60,171,169,460,466,550,543,691,702,712,712,709,706,701,691,651,473,727,678,2193,1946,1830,1536,1844,1748,1676,1453,1841,1802,1719,1673,1472,1311,1193,1157]} 1. d4 Nf6 2. c4 c6 3. Nf3 d5 4. e3 Bf5 5. Nc3 e6 6. Nh4 Be4 7. f3 Bg6 8. Qb3 Qc7 9. cxd5 {D12: Slav Defence: 3 Nf3 Nf6 4 e3 Bf5.} Nxd5 (9... cxd5 $11 10. Bd2 (10. Nxg6 hxg6 11. Bd2 Nc6 $11) 10... Nc6) 10. g3 Be7 11. Nxg6 {White is better.} hxg6 {[#]} 12. Kf2 $146 (12. e4 $5 {[%cal Re4d5]} Nf6 13. Be2 $14) ({Predecessor:} 12. e4 Nxc3 13. bxc3 Nd7 14. Kf2 Rb8 15. a4 g5 16. Be2 e5 17. Be3 O-O 18. Rhd1 {1-0 (67) Matlakov,M (2653)-Dubov,D (2614) Loo 2013}) 12... Nd7 13. e4 N5f6 14. Kg2 O-O 15. Be2 c5 16. Bf4 Qa5 17. d5 e5 18. Bg5 Qc7 19. Rac1 a6 20. a4 Bd6 ({Black should try} 20... Rfc8) 21. Nb1 (21. Bd2 $142) 21... Rab8 (21... Rfb8 $16) 22. Na3 $18 Rfc8 23. Rc2 Ne8 24. h4 Ndf6 25. Rhc1 Be7 26. a5 (26. Qe3 $18 {and White stays clearly on top.}) 26... Qxa5 $16 27. Nc4 {[%mdl 64] [#] Double Attack} Qc7 28. Nb6 Rd8 29. Be3 {[%cal Re3c5]} Nd7 30. Nxd7 Qxd7 31. Qb6 Rdc8 32. Bf1 {[%mdl 1024] White has strong compensation.} Bd8 33. Qb3 Be7 34. Kh2 {aiming for Bh3.} b5 {White leaves nothing to chance now.} (34... Rc7 $14) 35. Bh3 $18 Qc7 {[#]} (35... f5) 36. Bxc8 {[%cal Re3c5] White is clearly winning.} Rxc8 37. Bxc5 Bxc5 38. Rxc5 Qxc5 39. Rxc5 Rxc5 {[%mdl 4096] Endgame KQ-KRN} 40. Qa3 Rc2+ 41. Kh3 Nf6 42. d6 Rf2 (42... Kh7 $142 43. Qxa6 b4) 43. Qxa6 Rxf3 44. Qc8+ Kh7 45. d7 Nxd7 46. Qxd7 {KQ-KR} b4 47. Qe7 b3 48. Qxe5 Rd3 49. Qb5 Re3 50. Qc4 f6 51. Kg2 {Weighted Error Value: White=0.21/Black=0.44} 1-0

[Event "Polgar Challenge 2021"]
[Site "Online"]
[Date "2021.04.04"]
[Round "16.7"]
[White "Salimova, Nurgyul"]
[Black "Keymer, Vincent"]
[Result "0-1"]
[WhiteElo "2397"]
[BlackElo "2591"]
[Annotator "ChessBase"]
[PlyCount "64"]
[EventDate "2021.04.08"]
[EventType "tourn"]
[EventCountry "NET"]
[SourceTitle "playchess.com"]
[Source "ChessBase"]
[SourceQuality "1"]
[TimeControl "600+5"]

1. d4 {[%emt 0:00:00]} Nf6 {[%emt 0:00:00]} 2. Nf3 {[%emt 0:00:00]} e6 {[%emt 0:00:00]} 3. c4 {[%emt 0:00:04]} d5 {[%emt 0:00:00]} 4. g3 {[%emt 0:00:01]} Bb4+ {[%emt 0:00:02]} 5. Bd2 {[%emt 0:00:02]} Be7 {[%emt 0:00:02]} 6. Bg2 {[%emt 0:00:06]} O-O {[%emt 0:00:01]} 7. O-O {[%emt 0:00:20]} c6 {[%emt 0:00:01]} 8. Bf4 {[%emt 0:00:07]} dxc4 {[%emt 0:00:04]} 9. Ne5 {[%emt 0:00:21]} b5 {[%emt 0:00:01]} 10. Nxc6 {[%emt 0:01:10]} Nxc6 {[%emt 0:00:03]} 11. Bxc6 {[%emt 0:00:01]} Ba6 {[%emt 0:00:00]} 12. Bxa8 {[%emt 0:01:04]} Qxa8 {[%emt 0:00:00]} 13. Nd2 {[%emt 0:01:04]} h6 {[%emt 0:01:04]} 14. Nf3 {[%emt 0:00:07]} Qd5 {[%emt 0:00:05]} 15. h4 {[%emt 0:01:12]} Bb7 {[%emt 0:00:17]} 16. Re1 {[%emt 0:01:23]} Ne4 {[%emt 0:00:11]} 17. h5 {[%emt 0:01:15]} Qxh5 {[%emt 0:00:16]} 18. Kg2 {[%emt 0:00:01]} Qd5 {[%emt 0:01:07]} 19. Rh1 {[%emt 0:00:22]} Rd8 {[%emt 0:00:05]} 20. Qc2 {[%emt 0:01:34]} Qf5 {[%emt 0:00:44]} 21. Qc1 {[%emt 0:00:27]} Ng5 {[%emt 0:00:34]} 22. Bxg5 {[%emt 0:00:47]} hxg5 {[%emt 0:00:02]} 23. Qg1 {[%emt 0:00:16]} g4 {[%emt 0:00:45]} 24. Qh2 {[%emt 0:00:01]} gxf3+ {[%emt 0:00:01]} 25. Kg1 {[%emt 0:00:02]} f6 {[%emt 0:00:03]} 26. e3 {[%emt 0:00:04]} Be4 {[%emt 0:00:17]} 27. Qh4 {[%emt 0:00:07]} Kf7 {[%emt 0:00:12]} 28. Rc1 {[%emt 0:00:12]} Bd3 {[%emt 0:00:18]} 29. a3 {[%emt 0:00:05]} a5 {[%emt 0:00:06]} 30. g4 {[%emt 0:00:02]} Qg6 {[%emt 0:00:08]} 31. Qg3 {[%emt 0:00:04]} Bd6 {[%emt 0:00:02]} 32. Qh4 {[%emt 0:00:12]} Rh8 {[%emt 0:00:04]} 0-1

[Event "Polgar Challenge 2021"]
[Site "Online"]
[Date "2021.04.04"]
[Round "16.9"]
[White "Liang, Awonder"]
[Black "Bjerre, Jonas Buhl"]
[Result "1-0"]
[WhiteElo "2592"]
[BlackElo "2550"]
[Annotator "TA"]
[PlyCount "73"]
[EventDate "2021.04.08"]
[EventType "tourn"]
[EventCountry "NET"]
[SourceTitle "playchess.com"]
[Source "ChessBase"]
[SourceQuality "1"]

{[%evp 9,73,0,11,-10,-5,-16,0,2,4,0,0,0,0,-76,-63,-145,-42,-84,-58,-41,-51,-62,-15,-20,0,0,0,0,0,0,0,-186,-34,-30,-27,-34,0,0,0,0,0,0,0,0,108,83,111,114,102,8,1,10,62,78,335,329,312,325,309,291,483,509,443,481,598,383]} 1. e4 c5 2. Nc3 d6 3. d4 cxd4 4. Qxd4 Nc6 5. Qd2 Nf6 6. b3 {B23: Closed Sicilian: Lines without g3.} e6 7. Bb2 d5 8. exd5 {The position is equal.} exd5 9. O-O-O {[%cal Rc3d5]} Be6 10. Nf3 Qa5 11. Kb1 (11. Bb5 $11) 11... Bb4 $17 {[#]} 12. Qd3 $146 {[#]} ({Predecessor:} 12. Nd4 Ne4 13. Nxe4 Bxd2 14. Nd6+ Kf8 15. Nxb7 Qb6 16. Nxc6 Qxc6 17. Ba3+ Kg8 18. Nc5 {0-1 (39) Kairbekova,A (2065)-Nurmanova,A (2026) Almaty 2020}) 12... O-O (12... Ng4 $1 $17 13. Qd2 (13. Nxd5 $2 O-O-O $19) 13... O-O) 13. Nd4 Rac8 {Hoping for ...Nxd4.} 14. Nxc6 Rxc6 15. Nb5 Rfc8 16. a3 Be7 ({Don't play} 16... Rxc2 $6 17. axb4 Qxb4 18. Nd4 $16 (18. Nxa7 $2 Bf5 $19)) 17. b4 Qa4 {...Ne4 is the strong threat.} 18. Qb3 $1 {[%cal Rb3a4]} Qxb3 19. cxb3 Ne4 20. Bd4 {[#]} (20. Nxa7 $11 {and White stays safe.} Nxf2 {[%mdl 64] Double Attack} 21. Nxc6 Rxc6 22. Bb5) 20... Bf6 $2 (20... Rc2 $1 $19 21. Bc4 Rxf2) 21. Bd3 $1 $15 {[%cal Rd3e4] Black must now prevent Bxe4.} Bxd4 22. Bxe4 Bxf2 (22... Bf6 {with more complications.} 23. Bd3 Rd8 24. Rc1 g6 25. Nxa7 Rxc1+ 26. Rxc1 Bd4) 23. Bxd5 Bxd5 24. Rxd5 g6 25. Rf1 Bb6 26. Rd7 a6 (26... Be3 $11) 27. Nd6 $16 {[%mdl 64] Double Attack} Rf8 28. Nxf7 {Threatening mate with Nh6+.} Be3 29. Rf3 (29. Rxb7 $16 Rc3 30. Rd7) 29... Rc1+ $11 30. Kb2 Rfc8 31. Rd8+ $14 Kg7 $2 {[%mdl 8192] A mistake that costs the game.} (31... Rxd8 $16 {was called for.} 32. Nxd8 Re1) 32. Rxc8 $18 Rxc8 33. Rxe3 Kxf7 34. Rc3 Re8 (34... Rb8 {was necessary.} 35. Rc7+ Ke6 36. Rxh7 b5) 35. Rc7+ {White is clearly winning.} Kf6 36. Rxb7 h5 37. Rc7 {Weighted Error Value: White=0.18/Black=0.52} 1-0

[Event "Polgar Challenge 2021"]
[Site "Online"]
[Date "2021.04.04"]
[Round "16.10"]
[White "Yoo, Christopher Woojin"]
[Black "Shuvalova, Polina"]
[Result "1-0"]
[WhiteElo "2455"]
[BlackElo "2476"]
[Annotator "TA"]
[PlyCount "65"]
[EventDate "2021.04.08"]
[EventType "tourn"]
[EventCountry "NET"]
[SourceTitle "playchess.com"]
[Source "ChessBase"]
[SourceQuality "1"]

{[%evp 9,64,0,0,-18,0,0,2,0,0,0,0,-27,-19,-18,-20,-12,-14,-30,46,18,44,-7,25,7,57,63,108,108,97,62,69,62,72,68,62,46,431,200,453,205,216,200,208,207,178,158,948,957,29981,29982,29982,29983,29983,29984,29981,29961,29999]} 1. d4 Nf6 2. Nf3 e6 3. c4 d5 4. Bg5 dxc4 5. Qa4+ Nbd7 6. Nc3 {D30: Queen's Gambit Declined: Systems without Nc3.} Be7 7. e4 O-O 8. Qxc4 {The position is equal.} h6 9. Bf4 c5 {[#]} 10. dxc5 $146 ({Predecessor:} 10. O-O-O cxd4 11. Bc7 Qe8 12. Nxd4 Nb6 13. Bxb6 axb6 14. e5 Nd5 15. Nxd5 exd5 16. Qxd5 {½-½ (78) Lalith,B (2541)-Teske,H (2512) Chennai 2013}) 10... Bxc5 11. Be2 a6 12. e5 {[#]} b5 $1 13. Qd3 {[#]} Nh7 (13... b4 $1 $11 14. exf6 Qxf6 {[%mdl 64] Double Attack}) 14. O-O Bb7 15. Rfd1 (15. Ne4 $14) 15... Nb6 16. Qc2 Qe7 17. Bd3 Ng5 18. Bxg5 hxg5 19. Be4 g4 20. Bxb7 Qxb7 21. Ng5 {[%csl Gg5][%cal Rc2h7]} g6 22. Qe2 {Nce4 is the strong threat.} Nc4 $2 {[%mdl 8192]} ({Better is} 22... Qb8 $14) 23. Qxg4 (23. Nce4 $142 Bb4 {[#]} 24. Rd7 $3 {[%mdl 512]}) 23... Kg7 $2 (23... Be7 {might work better.} 24. Nxe6 Qc8 {[%mdl 64] Pin}) 24. Nce4 $40 {[%mdl 128] Black is in trouble.} (24. Qh4 $142 {[%csl Gg5][%cal Rh4h7]} Rh8 25. Qf4 Nxb2 26. Nce4) 24... Be7 $18 25. Qh4 {[%csl Gg5][%cal Rh4h7]} Rh8 26. Qf4 Bxg5 27. Nxg5 {Hoping for Qf6+.} Rh5 $2 {Loses the game.} (27... Qe7 $16 28. b3 Nb6) 28. Qf6+ Kg8 29. Rd8+ {White mates.} Rxd8 30. Qxd8+ Kg7 31. Qf6+ Kh6 32. Nxf7+ Kh7 33. Qh8# {Weighted Error Value: White=0.32/Black=0.75} 1-0

[Event "Polgar Challenge 2021"]
[Site "Online"]
[Date "2021.04.04"]
[Round "17.1"]
[White "Shuvalova, Polina"]
[Black "Zhu, Jiner"]
[Result "0-1"]
[WhiteElo "2476"]
[BlackElo "2459"]
[Annotator "TA"]
[PlyCount "126"]
[EventDate "2021.04.08"]
[EventType "tourn"]
[EventCountry "NET"]
[SourceTitle "playchess.com"]
[Source "ChessBase"]
[SourceQuality "1"]

{[%evp 10,125,28,18,27,18,26,6,10,31,9,0,37,29,26,30,30,16,8,-31,-25,-65,-16,-113,-99,-101,-121,-122,-111,-117,-134,-124,-81,-77,0,0,0,0,0,0,0,0,0,0,0,-91,0,0,0,0,0,0,0,0,0,0,0,0,0,-1016,-967,-958,-911,-755,-727,-930,-918,-1630,-820,-1952,-1321,-9244,-5493,-29967,-2014,-29978,-29974,-29974,-29975,-29975,-29975,-29984,-29985,-29985,-29986,-29986,-29987,-29987,-29988,-29988,-29989,-29989,-29990,-29990,-29989,-29989,-29990,-29992,-29993,-29993,-29993,-29995,-29993,-29993,-29993,-29993,0,-29993,-29993,-29993,-29994,-29996,-29997,-29997,-29998,-29998,-29999,-29999]} 1. c4 Nf6 2. Nc3 e6 3. e4 d5 4. cxd5 exd5 5. e5 Ne4 6. Nf3 Bf5 {A18: English Opening: Flohr-Mikenas System (1 c4 Nf6 2 Nc3 e6 3 e4).} 7. Be2 c5 8. d4 Nc6 {The position is equal.} 9. O-O c4 10. Nxe4 {[#]} dxe4 $146 ({Predecessor:} 10... Bxe4 11. Nd2 Bf5 12. g4 Be6 13. b3 h5 14. Nf3 cxb3 15. Qxb3 hxg4 16. Qxb7 gxf3 {½-½ (52) Liu,Z (2386)-Svetushkin,D (2528) Paracin 2019}) 11. Ng5 h6 {[#]} 12. Nxf7 Kxf7 13. Bxc4+ Kg6 14. Be3 (14. g4 {looks sharper.} Bc8 15. Be3 Na5 16. Be2 Be6 17. Qc2) 14... Kh7 $1 15. a3 Be7 16. b4 (16. f4 $1 $11) 16... a6 17. Rc1 Rf8 18. Qd2 Bg5 19. Qb2 Bxe3 20. fxe3 Qe7 21. Bd5 Rac8 (21... Qd7 $17 22. Qa2 Ne7) 22. Rxf5 $11 {[%mdl 64] Remove Defender} Rxf5 23. Bxe4 Qg5 24. Bxf5+ Qxf5 25. d5 Ne7 26. Rxc8 Nxc8 27. Qd4 (27. h3 $11 {keeps the balance.}) 27... Ne7 (27... Qb1+ $17 28. Kf2 Ne7) 28. h3 Qb1+ 29. Kh2 Qf5 30. a4 {White wants to play b5.} Kg8 31. b5 axb5 32. axb5 {d6 is the strong threat.} Ng6 33. e6 {Black must now prevent d6.} Qe5+ 34. Qxe5 $4 {[%mdl 8192] White is on the road to losing.} (34. g3 $11) 34... Nxe5 {[%mdl 4096] Endgame KN-KP} 35. Kg3 Kf8 36. Kf4 {[#]} Nc4 $1 37. e4 Ke7 38. e5 {[#]} Na3 $1 {[%cal Ra3b5]} 39. Kf5 Nxb5 40. h4 h5 41. g3 b6 (41... Nd4+ $142 42. Ke4 Ne2 43. Kf3 Nc3 44. d6+ Kxe6 45. Ke3 Na4 46. Kf3 Nc5 47. g4 hxg4+ 48. Kxg4 Kxe5 49. Kf3 Kd4 50. Ke2 Kc3 51. h5 b5 52. Ke3 b4 53. h6 gxh6 54. d7 Nxd7 55. Ke4 b3 56. Kd5 b2 57. Ke6 Nc5+ 58. Kd6 Kd4 59. Ke7 b1=Q 60. Kf6 Nd7+ 61. Ke7 Qh7+ 62. Kd8 Ne5 63. Ke8 Qf7+ 64. Kd8 Qd7#) 42. g4 hxg4 43. Kxg4 Nc3 44. d6+ Kxe6 {KN-K3P} 45. Kg5 b5 46. Kg6 b4 47. Kxg7 b3 48. d7 Kxd7 {KN-KPP} 49. h5 b2 50. h6 b1=Q 51. h7 Qg1+ 52. Kf7 Qh2 53. Kg8 Qg3+ 54. Kf7 Qf4+ 55. Kg8 Qg5+ 56. Kf7 Qf5+ 57. Kg7 Qg5+ 58. Kf7 $1 Qh6 {Black mates.} 59. e6+ Kd6 60. Kg8 Qg6+ 61. Kh8 Nd5 62. e7 Qf6+ {[%mdl 64] Double Attack} 63. Kg8 Nxe7# {Weighted Error Value: White=0.64/Black=0.22} 0-1